Loading...
| Literature - American Literature | 5 | 3 | 0 | 1 | 105 | 33 | 78.38 | 4 | 8 |
| Literature - British Literature | 3 | 5 | 0 | 2 | 95 | 31 | 88.25 | 3 | 8 |
| Literature - World Literature | 2 | 5 | 1 | 1 | 75 | 36 | 93.14 | 5 | 7 |
| Auditory Arts | 3 | 4 | 3 | 1 | 70 | 69 | 85.57 | 4 | 7 |
| Visual Arts | 3 | 3 | 1 | 1 | 70 | 17 | 73.00 | 3 | 6 |
| Literature - European Literature | 3 | 2 | 1 | 1 | 60 | 54 | 70.00 | 4 | 5 |
| Beliefs | 0 | 6 | 2 | 1 | 50 | 78 | 104.33 | 4 | 6 |
| Social Science | 1 | 4 | 2 | 2 | 45 | 53 | 102.80 | 2 | 5 |
| Fine Arts - Other Arts | 2 | 1 | 0 | 0 | 40 | 53 | 63.00 | 2 | 3 |
| History - American History | 2 | 0 | 0 | 0 | 30 | 23 | 27.00 | 2 | 2 |
| History - European History | 0 | 2 | 0 | 0 | 20 | 76 | 81.50 | 1 | 2 |
| History - World History | 1 | 0 | 0 | 0 | 15 | 20 | 20.00 | 1 | 1 |
| Other Academic | 0 | 1 | 0 | 0 | 10 | 91 | 91.00 | 1 | 1 |
| Science - Other Science | 0 | 1 | 1 | 1 | 5 | 130 | 130.00 | 0 | 1 |
| History - Ancient History | 1 | 0 | 2 | 0 | 5 | 53 | 53.00 | 1 | 1 |
| History - Other History | 0 | 0 | 1 | 0 | -5 | 0.00 | 0 | 0 | |
| Current Events | 0 | 0 | 2 | 0 | -10 | 0.00 | 0 | 0 |